| 000 | 00423nam a22001697a 4500 | ||
|---|---|---|---|
| 003 | NUST - PNEC | ||
| 005 | 20170116180838.0 | ||
| 008 | 150815b xxu||||| |||| 00| 0 eng d | ||
| 020 | _a0632017163 | ||
| 040 | _cLIBRARY | ||
| 082 | _a536.23 HIL | ||
| 100 |
_95183 _a Hill, James M |
||
| 245 |
_aHeat conduction _cJames M, Hill |
||
| 260 | _cc 1987 | ||
| 650 |
_95185 _aHeat--Conduction--Mathematics _x- |
||
| 942 |
_2ddc _cBK |
||
| 999 |
_c64317 _d64317 |
||